ポケモンのなまえ(第5世代) - Statistics

General Stats
  • This quiz has been taken 193 times
  • The average score is 114 of 156
Answer Stats
Answer % Correct
ツタージャ
98%
ジャローダ
97%
エンブオー
96%
ミジュマル
96%
ポカブ
95%
ダイケンキ
95%
フタチマル
94%
ジャノビー
92%
レシラム
92%
ゼクロム
92%
ビクティニ
91%
ヤナップ
90%
キュレム
90%
チャオブー
89%
ヤナッキー
89%
バオッキー
89%
バオップ
88%
ヒヤップ
88%
ヒヤッキー
88%
ケンホロウ
88%
ヒヒダルマ
88%
モノズ
88%
マメパト
86%
ダルマッカ
86%
サザンドラ
86%
ミネズミ
84%
ハハコモリ
84%
ギギギアル
84%
ヒトモシ
84%
ゼブライカ
83%
ギアル
83%
ギギアル
83%
ケルディオ
83%
シママ
82%
ホイーガ
82%
シャンデラ
82%
ナゲキ
81%
エモンガ
81%
テラキオン
81%
ビリジオン
81%
ミルホッグ
80%
ダゲキ
80%
ココロモリ
79%
クルミル
79%
クルマユ
79%
ペンドラー
79%
ゾロア
79%
ゾロアーク
79%
コバルオン
79%
ヨーテリー
78%
ハトーボー
78%
ドッコラー
78%
ワルビル
78%
ワルビアル
78%
ゴチルゼル
78%
ムシャーナ
77%
ランクルス
77%
ボルトロス
77%
メロエッタ
77%
ハーデリア
76%
ムーランド
76%
ムンナ
76%
コロモリ
76%
ドテッコツ
76%
ローブシン
76%
ランプラー
76%
ジヘッド
76%
チョロネコ
75%
メグロコ
75%
ゴチム
75%
キバゴ
75%
オノノクス
75%
ツンベアー
75%
ダンゴロ
74%
フシデ
74%
ゴチミル
74%
スワンナ
74%
クマシュン
74%
トルネロス
74%
ランドロス
74%
イシズマイ
73%
デスカーン
73%
ユニラン
73%
イワパレス
72%
ダブラン
72%
メブキジカ
72%
アイアント
72%
シンボラー
71%
マッギョ
71%
エルフーン
70%
マラカッチ
70%
デスマス
70%
バイバニラ
70%
シキジカ
70%
テッシード
70%
オノンド
70%
ゲノセクト
70%
レパルダス
69%
コアルヒー
69%
バニプッチ
69%
モンメン
68%
アーケオス
68%
ウルガモス
68%
ガントル
67%
ギガイアス
67%
タブンネ
67%
バニリッチ
67%
デンチュラ
67%
ナットレイ
67%
ウォーグル
67%
オタマロ
66%
ガマゲロゲ
66%
アーケン
66%
フリージオ
66%
ドリュウズ
65%
ドレディア
65%
ズルッグ
65%
ママンボウ
65%
バチュル
65%
シビビール
65%
クリムガン
65%
ゴルーグ
65%
クイタラン
65%
ガマガル
64%
バスラオ
64%
シビルドン
64%
ワシボン
64%
モグリュー
63%
チュリネ
63%
ズルズキン
63%
アバゴーラ
63%
シビシラス
63%
ゴビット
63%
キリキザン
63%
コマタナ
61%
メラルバ
61%
ダストダス
59%
バルジーナ
59%
ヤブクロン
58%
プロトーガ
56%
コジョンド
56%
シュバルゴ
55%
プルリル
55%
オーベム
55%
バルチャイ
55%
ブルンゲル
54%
アギルダー
54%
コジョフー
54%
チラチーノ
53%
バッフロン
53%
チラーミィ
52%
リグレー
52%
チョボマキ
51%
カブルモ
50%
タマゲタケ
41%
モロバレル
39%
No matching quizzes found
Score Distribution
Percent of People with Each Score
Percentile by Number Answered
Your Score History
You have not taken this quiz